Nommez une ville #4 - Statistiques

Statistiques générales
  • Ce quiz a été pris 248 fois
  • Le résultat moyen est 5 sur 10
Statistiques - réponses
Pays Villes % Correct
France Marseille | Lyon | Toulouse | Nice | Nantes
100%
Royaume-Uni Birmingham | Glasgow | Manchester | Édimbourg | Liverpool
96%
Suisse Zurich | Genève | Bâle | Lausanne | Winterthour
95%
Inde Bombay | Bangalore | Calcutta | Hyderabad | Ahmedabad
85%
Colombie Medellin | Cali | Barranquilla | Cucuta | Carthagène des Indes
67%
Kazakhstan Almaty | Chimkent | Aktioubé | Pavlodar | Karaganda
29%
Irak Bassorah | Mossoul | Arbil | Souleimaniye | Kirkuk
26%
Cuba Santiago de Cuba | Camaguey | Holguin | Guantanamo | Santa Clara
24%
Bolivie Santa Cruz | El Alto | Cochabamba | Oruro | Tarija
18%
Éthiopie Dire Dawa | Adama | Gondar | Mekele | Dessie
10%
Aucun quiz correspondant
Distribution des résultats
% des personnes avec chaque résultat
Percentile par nombre de réponses
Votre historique - résultats
Vous n’avez pas pris ce quiz